Belgische Fußballspieler erraten - Statistiken

Allgemein
  • Dieses Quiz wurde 158 mal gespielt
  • Das Durchschnittsergebnis liegt bei 6 aus 10
Antwortstatistiken
Beschreibung Name % Korrekt
einer der aktuell besten Torhüter weltweit, fast zwei Meter groß, spielte bereits für die zwei besten Profiklubs der spanischen Hauptstadt, Champions League-Sieger Thibaut Courtois
92%
rötliches Haar, schrieb sich nach sehr guten Leistungen in Bremen und Wolfsburg in die Notizblöcke internationaler Scouts, seit 2015 bei den "Citizens" unter Vertrag sowie Mittelfeldchef-Stratege unter Pep Guardiola Kevin de Bruyne
91%
kahlköpfig, bulliger Stürmer, sein Bruder, welcher ehemals bei Lazio Rom unter Vertrag stand, hat einen Vornamen, welcher der Nachname des besten Basketballers der Geschichte ist, ehemaliger Spieler eines Vereins, mit dem ein gewisser Jose Mourinho bereits sensationell die Champions League gewinnen konnte Romelu Lukaku
89%
bildete in einer Liga der Top-Five ein langjähriges Defensivduo mit seinem belgischen Teamkameraden Toby Alderweireld, seit 2007 Nationalspieler und bald über 140 Länderspiele auf dem Buckel Jan Vertonghen
66%
Rekordtorschütze eines süditalienischen Spitzenteams, erzielte in der Serie A 2016/17 28 Ligatore, gerade einmal 1,69 cm groß, eine ebenso schillernde Figur in der Geschichte des Vereins des Gesuchten ist mit einer Körpergröße von 1,63 cm noch kleiner Dries Mertens
63%
Raucher, zahlreiche Tattoos am Körper, etablierter Mittelfeldspieler in der Serie A, mittlerweile jedoch in seine Heimat zurückgekehrt, stand unter anderem bei Cagliari Calcio sowie Inter Mailand unter Vertrag Radja Nainggolan
54%
langjähriger Spieler eines Vereins, welcher mit dem Merseyside Derby assoziiert wird, markantes optisches Erscheinungsbild durch seine Haarpracht, ehemaliger Teamkollege von Wayne Rooney, nach seinen Jahren in England zog es den Gesuchten in die VR China Marouane Fellaini
52%
wurde in Kinshasa (DR Kongo) geboren, schaffte seinen Durchbruch bei Aston Villa und erwies sich als treffsicherer Torjäger, anschließende Zeit bei einem ligainternen Spitzenklub verlief weniger erfolgreich, seit 2016 ist seine Heimstätte der Selhurst Park Christian Benteke
43%
galt als eines der größten Talente des belgischen Fußballs, kosovarische Wurzeln, erzielte in seinem dritten Ligaspiel für Manchester United gegen den AFC Sunderland einen Doppelpack, Intermezzo beim deutschen Verein mit dem größten Stadion verlief enttäuschend Adnan Januzaj
31%
früherer Coach der belgischen Nationalmannschaft, Legende eines ehemaligen deutschen Topklubs, gewann mit diesem 1996/97 den UEFA-Pokal, wurde von den Fans aufgrund seines leidenschaftlichen Spielstils "Kampfschwein" genannt Marc Wilmots
31%
Keine übereinstimmenden Quizze gefunden
Verteilung der Resultate
Anzahl Personen mit jedem Resultat
Perzentil nach korrekt beantworteten Fragen
Ihre Resultats-Entwicklung
Sie haben dieses Quiz noch nicht gespielt